| 000 | 00566nam a2200193 a 4500 | ||
|---|---|---|---|
| 001 | 6737 | ||
| 003 | CO-ViMGA | ||
| 008 | 141112s2004 ck r 000 u spa d | ||
| 020 | _a8476984197 | ||
| 040 |
_aCO-ViMGA _bspa _cCO-ViMGA |
||
| 082 | 0 | 4 | _a346.025 O921 |
| 100 | 1 |
_aOrcáriz Marco, Florencio _95653 |
|
| 245 | 1 | 0 |
_aEl contrato de depósito : _bestudio de la obligación de guarda |
| 260 |
_aBarcelona : _bJose María Bosch, _c1997 |
||
| 300 | _a356 p | ||
| 490 | _aBiblioteca de derecho privado, 75 | ||
| 650 | 1 | 4 |
_aCONTRATOS - DERECHO _953374 |
| 942 |
_2ddc _cBK |
||
| 999 |
_c18706 _d18706 |
||